Antología poética / (Record no. 9574)
[ view plain ]
| 000 -CABECERA | |
|---|---|
| campo de control de longitud fija | 00823cam a2200241 a 4500 |
| 001 - NÚMERO DE CONTROL | |
| campo de control | 000009815 |
| 005 - FECHA Y HORA DE LA ÚLTIMA TRANSACCIÓN | |
| campo de control | 20200929161721.0 |
| 008 - DATOS DE LONGITUD FIJA--INFORMACIÓN GENERAL | |
| campo de control de longitud fija | 790717s1978 sp 000 p cat |
| 015 ## - NÚMERO DE BIBLIOGRAFÍA NACIONAL | |
| Número de bibliografía nacional | Sp*** |
| 020 ## - NÚMERO INTERNACIONAL ESTÁNDAR DEL LIBRO | |
| Número Internacional Estándar del Libro | 842971426X |
| 040 ## - FUENTE DE LA CATALOGACIÓN | |
| Centro catalogador/agencia de origen | DO-SdBNP |
| Lengua de catalogación | BNPHU |
| Centro/agencia modificador | Catalogación noche |
| 082 ## - NÚMERO DE LA CLASIFICACIÓN DECIMAL DEWEY | |
| Número de clasificación | 849.9 |
| Número de documento/Ítem | E778a |
| 100 1# - ENTRADA PRINCIPAL--NOMBRE DE PERSONA | |
| Nombre de persona | Espriu, Salvador, |
| Fechas asociadas al nombre | 1913-1981 |
| 9 (RLIN) | 24720 |
| 245 10 - MENCIÓN DE TÍTULO | |
| Título | Antología poética / |
| Mención de responsabilidad, etc. | Salvador Espriu ; a cura de J. M. Castellet. |
| 260 ## - PUBLICACIÓN, DISTRIBUCIÓN, ETC. | |
| Lugar de publicación, distribución, etc. | Barcelona : |
| Nombre del editor, distribuidor, etc. | Edicions 62, |
| Fecha de publicación, distribución, etc. | 1978. |
| 300 ## - DESCRIPCIÓN FÍSICA | |
| Extensión | 155 p. ; |
| Dimensiones | 19 cm. |
| 490 1# - MENCIÓN DE SERIE | |
| Mención de serie | Les Millors obres de la literatura catalana |
| Designación de volumen o secuencia | 2 |
| 650 #4 - PUNTO DE ACCESO ADICIONAL DE MATERIA--TÉRMINO DE MATERIA | |
| Término de materia o nombre geográfico como elemento de entrada | Poesía catalana |
| 9 (RLIN) | 3127 |
| 650 #4 - PUNTO DE ACCESO ADICIONAL DE MATERIA--TÉRMINO DE MATERIA | |
| Término de materia o nombre geográfico como elemento de entrada | Literatura catalana |
| 9 (RLIN) | 3128 |
| 700 1# - PUNTO DE ACCESO ADICIONAL--NOMBRE DE PERSONA | |
| Nombre de persona | Castellet, J. M. |
| Forma completa/desarrollada del nombre | (Josep Maria), |
| Fechas asociadas al nombre | 1926- |
| 9 (RLIN) | 8961 |
| 830 #4 - PUNTO DE ACCESO ADICIONAL DE SERIE-TÍTULO UNIFORME | |
| Título uniforme | Les Millors obres de la literatura catalana ; |
| Designación de volumen o secuencia | 2 |
| 9 (RLIN) | 24721 |
| 910 ## - DATOS DE OPCIÓN DEL USUARIO (OCLC) | |
| Datos de opción del usuario | Catalogación derivada |
| Estado de retiro | Estado de pérdida | Restricciones de uso | No para préstamo | Código de colección | Localización permanente | Ubicación/localización actual | Ubicación en estantería | Fecha de adquisición | Número de inventario | Total de préstamos | Signatura topográfica completa | Código de barras | Fecha visto por última vez | Precio válido a partir de | Tipo de ítem Koha |
|---|---|---|---|---|---|---|---|---|---|---|---|---|---|---|---|
| Préstamo interno | Monografías: Libros y Folletos | General | General | En catalogación | 01.10.2009 | LF1 | 849.9 E778a | 9815-10 | 25.06.2020 | 25.06.2020 | Préstamo interno |
